San Martín: El político I

Saved in:
Bibliographic Details
Main Author: Pigna, Felipe (Author)
Format: Book
Language:Spanish
Published: Buenos Aires Unsam 2008
Edition:1a. ed
Series:Documentos para la Historia
Subjects:
Tags: Add Tag
No Tags, Be the first to tag this record!

MARC

LEADER 00000nam a2200000 a 4500
001 UCI8669
003 CL-VaPUC
008 080922e20080000AG |||||||||||||||||spa|d
020 |a 9789871435067 
020 |a 9789871435074v.1 
082 0 4 |a 982  |b PIG  |2 21 
100 0 |a Pigna, Felipe  |e author  |9 532242 
245 1 0 |a San Martín: El político I 
250 |a 1a. ed 
300 |a v 
942 |c BK 
945 |d 20080922 00:00:00  |a rbrito 
260 |a Buenos Aires  |b Unsam  |c 2008 
600 0 7 |a SAN MARTIN, JOSE DE  |2 CL-VaPUC  |9 532243 
650 0 |a Historia de Argentina  |9 319851 
651 0 |a Argentina  |9 254888 
583 |a last modification  |c 20080922 00:00:00  |k Rodrigo Vera 
490 0 |a Documentos para la Historia 
999 |c 331485  |d 331483 
952 |0 0  |1 0  |4 0  |6 982_000000000000000_PIG_2008  |7 0  |8 A  |9 418183  |a BIBCUR  |b BIBCUR  |d 2019-11-22  |h v.1  |i 4482794  |o 982 PIG 2008  |p 4482794  |r 2025-04-22  |w 2019-11-22  |y BK  |k PER